| 000 | 00376nam a2200145Ia 4500 | ||
|---|---|---|---|
| 008 | 200103s9999||||xx |||||||||||||| ||und|| | ||
| 020 | _a9781906915148 | ||
| 040 | _aIMU-MPC | ||
| 082 | _aColumn-4 | ||
| 100 | _aThe Nautical Institute | ||
| 245 | 4 | _aThe mariner's role in collecting evidence - handbook | |
| 260 |
_bThe Nautical Institute _c2015 |
||
| 300 | _a82 | ||
| 942 | _cBK | ||
| 999 |
_c3180 _d3180 |
||